| 000 | 00414nam a22001697a 4500 | ||
|---|---|---|---|
| 005 | 20160530110321.0 | ||
| 008 | 160530b xxu||||| |||| 00| 0 eng d | ||
| 020 | _a81-7014-795-8 | ||
| 041 | _aeng | ||
| 082 | _b5993 | ||
| 100 |
_aGupta, Dr. S.L. & Pal, Sumitra _91494 |
||
| 245 | _aConsumer Behaviour | ||
| 260 |
_aNew Delhi _bSultan Chand & Sons, |
||
| 300 | _a537 | ||
| 650 |
_aManagement _9241 |
||
| 942 | _cBK | ||
| 999 |
_c2114 _d2113 |
||